Normal view
MARC view
- اسماعيل ، محمد علي/ م مشارك باسم كراجة
Entry Personal Name
001 - CONTROL NUMBER
- control field: 40557
003 - CONTROL NUMBER IDENTIFIER
- control field: JO-AjAnu
005 - DATE AND TIME OF LATEST TRANSACTION
- control field: 20230606080733.0
008 - FIXED-LENGTH DATA ELEMENTS
- fixed length control field: 230606|| aca||aabn | a|a d
040 ## - CATALOGING SOURCE
- Original cataloging agency: JO-AjAnu
- Transcribing agency: JO-AjAnu
100 ## - HEADING--PERSONAL NAME
- Personal name: اسماعيل ، محمد علي/ م مشارك باسم كراجة
670 ## - SOURCE DATA FOUND
- Source citation: Work cat.: (JO-AjAnu)20790: اسماعيل ، محمد علي/ م مشارك باسم كراجة, author, المساعد في الرياضيات النهايات والتفاضل والتكامل